000 00388nam a22001697a 4500
003 MPLRDC
005 20220104124748.0
008 210129b ||||| |||| 00| 0 eng d
082 _a857.9 JY v.2 c.2
100 _a金庸著
245 _a碧血剑. 下
_c
250 _a第九版
260 _a
_b明河出版社
_c1990
300 _b
650 _a
942 _cBK
_o857.9 JY v.2 c.2
999 _c21939
_d21929